| 000 | 00582nam a2200181Ia 4500 | ||
|---|---|---|---|
| 008 | 090630s9999 xx 000 0 und d | ||
| 082 | _b13200 | ||
| 100 | _aतिबिले अनंत. | ||
| 245 |
_aहाऊज दॅट. _cतिबिले अनंत. |
||
| 260 |
_bमनोकामना - सांगली. _c1994 |
||
| 300 | _a240 | ||
| 600 | _aतिबिले अनंत. | ||
| 630 | _aहाऊज दॅट. | ||
| 655 | _aकादंबरी. | ||
| 700 | _aतिबिले अनंत. | ||
| 730 | _aहाऊज दॅट. | ||
| 942 | _cBOOK | ||
| 999 |
_c265056 _d265056 |
||